000 00569nam a22001817a 4500
005 20150602165050.0
010 _aENG-112733
020 _a9789350099834
_c225.00
035 _aEN-96265
037 _bDBAD/PUB
082 _a796.358
100 _aVimal Kumar
245 _aThe cricket fanatic's essential guide /
_cby Vimal Kumar
260 _aGurgaon
_bHachette Book Publishing
_c2015
270 _a4th & 5th Floors, Corporate Centre, Plot No.94, Sector-44,
_bGurgaon
_e122003
300 _a201p.
_c18cm(pbk)
942 _2ddc
_cEN
_mVIM
_h796.358
999 _c93098
_d93098